Normal view
MARC view
- Agriculture
Entry Topical Term
001 - CONTROL NUMBER
- control field: 8942
003 - CONTROL NUMBER IDENTIFIER
- control field: NUST
005 - DATE AND TIME OF LATEST TRANSACTION
- control field: 20180118182444.0
008 - FIXED-LENGTH DATA ELEMENTS
- fixed length control field: 180118|| aca||aabn | a|a d
040 ## - CATALOGING SOURCE
- Original cataloging agency: NUST
- Transcribing agency: NUST
150 ## - HEADING--TOPICAL TERM
- Topical term or geographic name entry element: Agriculture
- General subdivision: Energy conservation.
670 ## - SOURCE DATA FOUND
- Source citation: Work cat.: (NUST)355675: Sustainable energy solutions in agriculture /
